[Event "46th Guernsey Open"]
[Site "?"]
[Date "2022.10.20"]
[Round "5"]
[White "Zheng, Harry Z"]
[Black "Hill, Andy"]
[Result "1-0"]
[WhiteElo "2049"]
[BlackElo "1896"]
[PlyCount "73"]
[EventDate "2022.??.??"]

1. e4 e6 2. d4 d5 3. Nd2 Nf6 4. e5 Nfd7 5. Ngf3 c5 6. c3 Nc6 7. Bd3 g6 8. h4 h6
9. Nf1 cxd4 10. cxd4 Qb6 11. Qa4 Ndb8 12. Qb5 Qd8 13. Bd2 Na6 14. a3 Nc7 15.
Qb3 Bd7 16. h5 g5 17. Ne3 Be7 18. Ng4 Kf8 19. O-O Kg7 20. Rac1 b5 21. Bb1 Qb8
22. Qd3 Ne8 23. Nfh2 Qb6 24. Be3 b4 25. f4 Nd8 26. fxg5 Bxg5 27. Bxg5 hxg5 28.
h6+ Kf8 29. Qe3 bxa3 30. Qxa3+ Kg8 31. h7+ Rxh7 32. Bxh7+ Kxh7 33. Qd3+ Kg7 34.
Qd2 Kf8 35. Nf3 Bb5 36. Rf2 Ng7 37. Qb4+ 1-0

[Event "46th Guernsey Open"]
[Site "?"]
[Date "2022.10.20"]
[Round "5"]
[White "Wager, John D"]
[Black "Liu, Jack"]
[Result "1/2-1/2"]
[WhiteElo "2034"]
[BlackElo "1780"]
[PlyCount "94"]
[EventDate "2022.??.??"]

1. d4 Nf6 2. Bg5 d5 3. Nd2 Bf5 4. e3 Nbd7 5. Ngf3 h6 6. Bh4 e6 7. Ne5 Be7 8.
Bxf6 Bxf6 9. f4 Nxe5 10. dxe5 Be7 11. Nf3 Bg4 12. Bd3 c6 13. h3 Bxf3 14. Qxf3
Qa5+ 15. c3 O-O-O 16. g3 Kb8 17. Rh2 h5 18. a3 f6 19. exf6 Bxf6 20. O-O-O e5
21. Bc2 Qc5 22. h4 Rde8 23. Re2 Qe7 24. Rde1 e4 25. Qg2 Rd8 26. Kb1 Qc5 27. Rd2
Kc7 28. Qe2 b5 29. Rc1 Rb8 30. Bb3 a5 31. Rcd1 Rhd8 32. Rc2 Rd6 33. Rcd2 Rdd8
34. Rc2 Kb7 35. Rcd2 Ka7 36. Rc2 Kb7 37. Rcd2 Ka7 38. Rc2 Rd6 39. Rcd2 Rbd8 40.
Rc2 Qb6 41. Rcd2 Qb7 42. Ka1 Kb6 43. Kb1 Qf7 44. Qg2 Qe6 45. Qe2 Qf5 46. Ka1
Qe6 47. Kb1 Qf5 1/2-1/2

[Event "46th Guernsey Open"]
[Site "?"]
[Date "2022.10.20"]
[Round "5"]
[White "Kraft, Karl Heinz"]
[Black "Waddington, Mike P"]
[Result "1-0"]
[WhiteElo "1989"]
[BlackElo "2027"]
[PlyCount "33"]
[EventDate "2022.??.??"]

1. d4 Nf6 2. Nc3 c5 3. dxc5 Na6 4. e4 Nxc5 5. e5 Ng8 6. Bc4 e6 7. Nf3 d5 8.
exd6 Qxd6 9. Qe2 Nf6 10. Nb5 Qb6 11. Bf4 Na6 12. O-O-O Bc5 13. Nd6+ Bxd6 14.
Bxd6 Bd7 15. Ne5 Rc8 16. Nxd7 Nxd7 17. Bxe6 1-0

[Event "46th Guernsey Open"]
[Site "?"]
[Date "2022.10.20"]
[Round "5"]
[White "Santos, Joao Artur Almeida"]
[Black "Thurlow, Kevin J"]
[Result "1/2-1/2"]
[WhiteElo "1954"]
[BlackElo "2019"]
[PlyCount "37"]
[EventDate "2022.??.??"]

1. e4 c5 2. Nf3 e6 3. d4 cxd4 4. Nxd4 Nc6 5. Nc3 a6 6. Be2 Qc7 7. O-O Nf6 8.
Nxc6 dxc6 9. f4 e5 10. Kh1 b5 11. fxe5 Qxe5 12. Bf4 Qe6 13. Bf3 Bb7 14. Qe1 h5
15. Rd1 Be7 16. Ne2 c5 17. Nc3 Rd8 18. Nd5 O-O 19. Bc7 1/2-1/2

[Event "46th Guernsey Open"]
[Site "?"]
[Date "2022.10.20"]
[Round "5"]
[White "Zeidler, Sven P"]
[Black "De Kruif, Kees"]
[Result "1/2-1/2"]
[WhiteElo "2148"]
[BlackElo "1846"]
[PlyCount "79"]
[EventDate "2022.??.??"]

1. e4 c5 2. Nc3 d6 3. f4 e6 4. Nf3 Nf6 5. Bb5+ Bd7 6. Bxd7+ Qxd7 7. Qe2 Nc6 8.
d3 Be7 9. Bd2 O-O 10. O-O-O Nd4 11. Qf2 Nb5 12. Rhg1 Nxc3 13. Bxc3 b5 14. g4 b4
15. Bxf6 Bxf6 16. g5 Be7 17. Rg3 f5 18. gxf6 Bxf6 19. Rdg1 g6 20. h4 Qg7 21. h5
Bxb2+ 22. Kd2 Rxf4 23. Qh2 Raf8 24. Qh3 Rxf3 25. Rxf3 Rxf3 26. Qxf3 Qh6+ 27.
Ke2 Bc3 28. Qg3 Kg7 29. Qh4 Bf6 30. Qh3 Bc3 31. Rg2 Bd4 32. Qf3 Qc1 33. h6+
Qxh6 34. e5 Bxe5 35. Qb7+ Kg8 36. Rf2 Qh5+ 37. Rf3 Qh2+ 38. Rf2 Qh5+ 39. Rf3
Qh2+ 40. Rf2 1/2-1/2

[Event "46th Guernsey Open"]
[Site "?"]
[Date "2022.10.20"]
[Round "5"]
[White "Goris, Ton"]
[Black "Villiers, Thomas"]
[Result "0-1"]
[WhiteElo "1897"]
[BlackElo "2141"]
[PlyCount "46"]
[EventDate "2022.??.??"]

1. e4 e5 2. Nf3 Nc6 3. d4 exd4 4. c3 d5 5. exd5 Qxd5 6. cxd4 Bg4 7. Be2 Bb4+ 8.
Nc3 Bxf3 9. Bxf3 Qc4 10. Bd2 O-O-O 11. Bxc6 bxc6 12. Ne2 Re8 13. Bxb4 Qxb4+ 14.
Qd2 Qc4 15. f3 Nh6 16. Kf2 Nf5 17. Rhe1 Re6 18. b3 Qb5 19. Rac1 Rd8 20. Rc4 Ne3
21. Rb4 Qg5 22. Nf4 Qh4+ 23. Kg1 Nc4 0-1

[Event "46th Guernsey Open"]
[Site "?"]
[Date "2022.10.20"]
[Round "5"]
[White "Smith, Andrew Philip"]
[Black "Cordova Lopez, Diego Anton"]
[Result "0-1"]
[WhiteElo "2087"]
[BlackElo "2006"]
[PlyCount "198"]
[EventDate "2022.??.??"]

1. e4 c5 2. Nf3 g6 3. d4 cxd4 4. Nxd4 Nc6 5. Be2 Bg7 6. Nb3 Nf6 7. Nc3 O-O 8.
O-O a5 9. a4 d6 10. Be3 e6 11. Qd2 d5 12. exd5 exd5 13. Rad1 Nb4 14. Bf3 Bg4
15. Bxg4 Nxg4 16. Bd4 Qh4 17. h3 Ne5 18. Qe2 Rfe8 19. Rfe1 h5 20. Nb5 Na6 21.
Qd2 b6 22. c3 Re6 23. Bxe5 Bxe5 24. N3d4 Bf4 25. Qc2 Rxe1+ 26. Rxe1 Nc5 27. Nf3
Qf6 28. Nbd4 Rc8 29. Qd1 Ne4 30. Ne2 Rd8 31. Nxf4 Qxf4 32. Qd4 Rd6 33. c4 Qf5
34. cxd5 Nf6 35. Re5 Qd7 36. Re1 Qd8 37. Ne5 Rxd5 38. Qc3 Rd1 39. Nf3 Rxe1+ 40.
Nxe1 Qd1 41. Kf1 Ne4 42. Qe3 Nd2+ 43. Kg1 Nc4 44. Qe8+ Kg7 45. Kf1 Qd4 46. b3
Nd2+ 47. Kg1 Nxb3 48. Nf3 Qd1+ 49. Kh2 Qd6+ 50. g3 Nc5 51. Qb5 Qe6 52. h4 Qb3
53. Qe2 Qc3 54. Ng5 Qf6 55. Qa2 Kg8 56. Kg1 Qe7 57. Qc4 Qd7 58. Qf4 Nxa4 59.
Nxf7 Qxf7 60. Qxa4 Kh7 61. Qc6 Qa7 62. Qa4 Qb7 63. Qb5 Qc7 64. Qa4 Qd6 65. Qe8
Qd4 66. Qf7+ Qg7 67. Qa2 Qd7 68. Qa3 a4 69. Qb4 b5 70. Kg2 Kg7 71. Qc3+ Kf7 72.
Qf3+ Ke7 73. Qe4+ Kd6 74. Qxg6+ Qe6 75. Qg7 Qd5+ 76. Kh2 Kc5 77. Qc3+ Kb6 78.
Qe3+ Qc5 79. Qe6+ Ka5 80. Qe1+ b4 81. Kg1 a3 82. Qe6 Ka4 83. Qa6+ Qa5 84. Qc6+
Qb5 85. Qe4 a2 86. Qc2+ b3 87. Qb2 Qd5 88. Kh2 Qe4 89. Qc3 Qc2 90. Qd4+ Ka3 91.
Qd6+ Kb2 92. Qe5+ Kb1 93. Qe1+ Qc1 94. Qe4+ Ka1 95. Qd4+ b2 96. Qe5 Qd2 97. Kg2
Kb1 98. Qe4+ Kc1 99. Qc4+ Qc2 0-1

[Event "46th Guernsey Open"]
[Site "?"]
[Date "2022.10.20"]
[Round "5"]
[White "Hoogakker, Peter"]
[Black "Dilleigh, Stephen P"]
[Result "1/2-1/2"]
[WhiteElo "1846"]
[BlackElo "2041"]
[PlyCount "52"]
[EventDate "2022.??.??"]

1. e4 c6 2. d4 d5 3. Nc3 dxe4 4. Nxe4 Nf6 5. Nxf6+ exf6 6. h3 Bd6 7. Nf3 O-O 8.
Bd3 Re8+ 9. Be2 Nd7 10. Be3 Nf8 11. Qd2 Be6 12. O-O Ng6 13. Bd3 Qd7 14. Bxg6
hxg6 15. Bf4 Bxf4 16. Qxf4 g5 17. Qg3 g4 18. hxg4 Bxg4 19. c3 Re2 20. b4 Rae8
21. Nh2 Bf5 22. a4 a6 23. Rfd1 Qd5 24. Ng4 Bxg4 25. Qxg4 Qb3 26. Qh3 Qd5
1/2-1/2

[Event "46th Guernsey Open"]
[Site "?"]
[Date "2022.10.20"]
[Round "5"]
[White "Starley, Robert"]
[Black "Van Hoek, Wim"]
[Result "1-0"]
[WhiteElo "2020"]
[BlackElo "1843"]
[PlyCount "59"]
[EventDate "2022.??.??"]

1. e4 e5 2. Nf3 Nc6 3. Bb5 f5 4. Nc3 fxe4 5. Nxe4 Nf6 6. Nxf6+ Qxf6 7. Qe2 Be7
8. Bxc6 dxc6 9. Nxe5 Bf5 10. O-O O-O 11. d4 Rae8 12. f4 Bd6 13. Be3 c5 14. Qf2
Bxe5 15. dxe5 Qc6 16. Bxc5 Rf7 17. Rae1 Be6 18. Bd4 b6 19. b3 Ref8 20. Be3 Bd5
21. c4 Be4 22. Rd1 Qg6 23. Rfe1 Bc6 24. Bc1 h5 25. Qg3 Qe6 26. Rd3 Rf5 27. Qh3
g6 28. Rg3 Kh7 29. Rg5 Rxg5 30. Qxe6 1-0

[Event "46th Guernsey Open"]
[Site "?"]
[Date "2022.10.20"]
[Round "5"]
[White "Schroeder, Gerhard"]
[Black "Brookfield, Toby"]
[Result "1-0"]
[WhiteElo "2017"]
[BlackElo "1816"]
[PlyCount "89"]
[EventDate "2022.??.??"]

1. d4 Nf6 2. c4 e6 3. Nc3 Bb4 4. e3 O-O 5. Bd3 d5 6. Nf3 dxc4 7. Bxc4 b6 8. O-O
Bxc3 9. bxc3 Bb7 10. Bb2 Nbd7 11. a4 a5 12. Qe2 Ne4 13. Rfd1 Ndf6 14. Ne5 Qc8
15. f3 Nd6 16. Bd3 Rd8 17. c4 c5 18. dxc5 bxc5 19. Bc3 Qc7 20. Qe1 h6 21. Qg3
Qe7 22. Rab1 Nh5 23. Qe1 Qg5 24. Qf2 Qe7 25. Rb6 Qc7 26. Rdb1 f6 27. Ng6 Ba6
28. g4 Bxc4 29. Bxc4 Nxc4 30. Rb7 Qd6 31. gxh5 Qd3 32. Be1 Nd6 33. R7b3 Qc4 34.
Ne7+ Kh8 35. Nc6 Rdc8 36. Ne7 Re8 37. Ng6+ Kg8 38. Qh4 Qe2 39. Qf2 Qc4 40. e4
Kh7 41. Nf4 f5 42. Rc3 Qxa4 43. Qxc5 Rac8 44. Qxd6 Rxc3 45. Bxc3 1-0

[Event "46th Guernsey Open"]
[Site "?"]
[Date "2022.10.20"]
[Round "5"]
[White "Nordby, Bernt"]
[Black "Norman, Dinah M"]
[Result "1-0"]
[WhiteElo "2012"]
[BlackElo "1692"]
[PlyCount "57"]
[EventDate "2022.??.??"]

1. d4 d5 2. c4 c6 3. Nf3 Nf6 4. e3 e6 5. Nbd2 Nbd7 6. Bd3 Be7 7. O-O O-O 8. Qe2
b6 9. b3 Bb7 10. Bb2 Rc8 11. Rad1 a5 12. e4 dxe4 13. Nxe4 Qc7 14. Rfe1 Rfe8 15.
Neg5 Bf8 16. Ne5 Bb4 17. Rf1 Rf8 18. c5 h6 19. Ngxf7 Rxf7 20. Nxf7 Kxf7 21. a3
Bxc5 22. dxc5 Nxc5 23. Rfe1 Qe7 24. Bc2 Ba6 25. Qf3 Kg8 26. Bxf6 gxf6 27. b4
axb4 28. axb4 Nd7 29. Qg4+ 1-0

[Event "46th Guernsey Open"]
[Site "?"]
[Date "2022.10.20"]
[Round "5"]
[White "Parker, Keith"]
[Black "Gant, Chris J"]
[Result "0-1"]
[WhiteElo "1834"]
[BlackElo "2091"]
[PlyCount "78"]
[EventDate "2022.??.??"]

1. d4 Nf6 2. g3 c5 3. d5 e6 4. Nc3 exd5 5. Nxd5 Nxd5 6. Qxd5 Nc6 7. Bg2 Be7 8.
c3 d6 9. Nh3 Be6 10. Qd1 Qd7 11. Nf4 O-O 12. O-O Rad8 13. e4 g6 14. Nd5 Bxd5
15. Qxd5 Qe6 16. Rd1 Bf6 17. Bf4 Be5 18. Qxe6 fxe6 19. Bxe5 Nxe5 20. b3 g5 21.
Rd2 Kf7 22. f4 gxf4 23. gxf4 Nc6 24. Rf1 Ke7 25. Rd3 b5 26. Rh3 Rf7 27. e5 d5
28. c4 bxc4 29. bxc4 Nd4 30. cxd5 exd5 31. Rf2 Nf5 32. Ra3 Kf8 33. Ra5 Rc7 34.
Rc2 c4 35. Kf2 d4 36. Rd5 Rxd5 37. Bxd5 Ne3 38. Rd2 Nxd5 39. Rxd4 c3 0-1

[Event "46th Guernsey Open"]
[Site "?"]
[Date "2022.10.20"]
[Round "5"]
[White "Jackson, Sheila"]
[Black "Boudkeev, Timour"]
[Result "1-0"]
[WhiteElo "2077"]
[BlackElo "1839"]
[PlyCount "37"]
[EventDate "2022.??.??"]

1. e4 c6 2. d4 d5 3. Nc3 Nf6 4. e5 Ne4 5. Nxe4 dxe4 6. Bc4 Bf5 7. Ne2 e6 8. O-O
Be7 9. Ng3 Bg6 10. Re1 c5 11. d5 exd5 12. Bxd5 Qc7 13. Nxe4 Bxe4 14. Rxe4 Nc6
15. Bf4 O-O-O 16. Qg4+ Qd7 17. Qxd7+ Rxd7 18. Bxf7 Rhd8 19. Be6 1-0

[Event "46th Guernsey Open"]
[Site "?"]
[Date "2022.10.20"]
[Round "5"]
[White "Havenaar, Jan"]
[Black "Ingham, H William"]
[Result "1-0"]
[WhiteElo "2008"]
[BlackElo "1831"]
[PlyCount "43"]
[EventDate "2022.??.??"]

1. Nc3 c6 2. e4 d5 3. Nf3 Bg4 4. h3 Bxf3 5. Qxf3 Nf6 6. e5 Nfd7 7. d4 e6 8. Qg3
c5 9. dxc5 Nxc5 10. Be3 Qa5 11. Bb5+ Ncd7 12. O-O Nc6 13. f4 d4 14. Bxc6 dxe3
15. Bxd7+ Kxd7 16. f5 Qb6 17. Kh2 Rd8 18. fxe6+ Qxe6 19. Rad1+ Kc8 20. Rxd8+
Kxd8 21. Qxe3 f5 22. Qd3+ 1-0

[Event "46th Guernsey Open"]
[Site "?"]
[Date "2022.10.20"]
[Round "5"]
[White "Collier, David O"]
[Black "Gravett, Alan D"]
[Result "1-0"]
[WhiteElo "2004"]
[BlackElo "1829"]
[PlyCount "41"]
[EventDate "2022.??.??"]

1. d4 Nf6 2. Bg5 Ne4 3. Bf4 g5 4. Bc1 h6 5. f3 Nf6 6. e4 d6 7. c4 c6 8. Nc3 Bg7
9. Be3 e5 10. d5 cxd5 11. cxd5 Bd7 12. Qd2 a6 13. a4 Kf8 14. a5 Be8 15. Nge2
Nh5 16. g3 Nd7 17. Na4 Nhf6 18. Qb4 Qb8 19. Rc1 Kg8 20. Bb6 Nxb6 21. Nxb6 1-0

[Event "46th Guernsey Open"]
[Site "?"]
[Date "2022.10.20"]
[Round "5"]
[White "Downey, Keith"]
[Black "Heppell, Ian N"]
[Result "1/2-1/2"]
[WhiteElo "1808"]
[BlackElo "1999"]
[PlyCount "56"]
[EventDate "2022.??.??"]

1. Nf3 d6 2. d4 f5 3. g3 Nf6 4. Bg2 g6 5. O-O Bg7 6. c4 O-O 7. Nc3 Qe8 8. d5
Na6 9. Nd4 Bd7 10. Rb1 c6 11. b4 Nxb4 12. Nxf5 gxf5 13. Rxb4 Rb8 14. Rb1 c5 15.
Bb2 Qg6 16. a4 f4 17. Qd2 Bh6 18. Qd1 fxg3 19. hxg3 Qh5 20. Bf3 Ng4 21. Bxg4
Bxg4 22. Qd3 Bf5 23. e4 Bh3 24. f4 Bxf1 25. Rxf1 Rf7 26. Ne2 Rbf8 27. Bc1 Rg7
28. Kg2 Qg6 1/2-1/2

[Event "46th Guernsey Open"]
[Site "?"]
[Date "2022.10.20"]
[Round "5"]
[White "Plug, Arjan"]
[Black "Robinson, John K"]
[Result "1/2-1/2"]
[WhiteElo "1795"]
[BlackElo "1967"]
[PlyCount "40"]
[EventDate "2022.??.??"]

1. e4 Nf6 2. e5 Nd5 3. Nf3 e6 4. d4 d6 5. Be2 Be7 6. O-O O-O 7. c4 Nb6 8. Nc3
Nc6 9. exd6 cxd6 10. b3 Nd7 11. Ne4 Nf6 12. Bd3 Nxe4 13. Bxe4 f5 14. Bd3 Bf6
15. Bb2 e5 16. d5 Ne7 17. Be2 b6 18. a4 a5 19. Ra2 Ra7 20. Ba3 g6 1/2-1/2

[Event "46th Guernsey Open"]
[Site "?"]
[Date "2022.10.20"]
[Round "5"]
[White "Simons, Sebastiaan"]
[Black "Pink, Joshua"]
[Result "1-0"]
[WhiteElo "1771"]
[BlackElo "1938"]
[PlyCount "127"]
[EventDate "2022.??.??"]

1. d4 Nf6 2. c4 c5 3. d5 Ne4 4. f3 Qa5+ 5. Nd2 Nd6 6. e3 g6 7. Bd3 b5 8. Kf2
Bg7 9. cxb5 a6 10. b6 Qxb6 11. Rb1 Bb7 12. Nc4 Nxc4 13. Bxc4 d6 14. Ne2 Nd7 15.
b3 O-O 16. Qc2 Ne5 17. Bb2 a5 18. h3 Qc7 19. f4 Nxc4 20. bxc4 e6 21. Bxg7 Kxg7
22. Qb2+ Kg8 23. Qxb7 Qd8 24. Qb2 exd5 25. cxd5 Qh4+ 26. g3 Qe7 27. Qd2 Rfe8
28. Rb2 a4 29. Rhb1 a3 30. Rb7 Qe4 31. Nc3 Qf5 32. Kg2 h5 33. R1b6 Rad8 34. Ra7
h4 35. g4 Qf6 36. Rbb7 Rb8 37. Rxb8 Rxb8 38. Rxa3 g5 39. Ra4 gxf4 40. exf4 Rb6
41. Re4 Ra6 42. Re8+ Kg7 43. Ne4 Qd4 44. Qxd4+ cxd4 45. Rb8 Rxa2+ 46. Nf2 Ra5
47. Rb3 Rxd5 48. Kf3 f5 49. gxf5 Rxf5 50. Rd3 Kf6 51. Rxd4 Ke6 52. Kg4 Rf8 53.
Kxh4 Rg8 54. Ng4 Rb8 55. Ne3 Rh8+ 56. Kg4 Rg8+ 57. Kf3 Rh8 58. h4 Rh7 59. f5+
Ke7 60. Nd5+ Kf7 61. Ra4 Rh6 62. Kg4 Ke8 63. Kg5 Rh7 64. Ra8+ 1-0

[Event "46th Guernsey Open"]
[Site "?"]
[Date "2022.10.20"]
[Round "5"]
[White "Turner, David J"]
[Black "De Dreu, Dies"]
[Result "1/2-1/2"]
[WhiteElo "1754"]
[BlackElo "1924"]
[PlyCount "89"]
[EventDate "2022.??.??"]

1. e4 e5 2. Nf3 Nc6 3. d4 exd4 4. Bc4 Nf6 5. e5 d5 6. Bb5 Ne4 7. Nxd4 Bd7 8.
Bxc6 bxc6 9. O-O Be7 10. f3 Ng5 11. f4 Ne4 12. Nd2 Nxd2 13. Bxd2 c5 14. Nf3 O-O
15. h3 Rb8 16. Rb1 d4 17. g4 Bb5 18. Rf2 Qd5 19. b3 Bc6 20. c4 Qe4 21. Rb2 Ba8
22. Bc1 Rbd8 23. Kg2 f6 24. Rbe2 Qc6 25. exf6 Bxf6 26. Qd3 Rde8 27. Kg3 Qd7 28.
Rxe8 Rxe8 29. g5 Bxf3 30. Rxf3 Be7 31. h4 Bd6 32. Bd2 Qe6 33. h5 Qe2 34. Qxe2
Rxe2 35. Rf2 Rxf2 36. Kxf2 g6 37. hxg6 hxg6 38. Kf3 Kf7 39. Ke4 Ke6 40. Bc1 c6
41. Ba3 Bf8 42. Bc1 Bg7 43. Ba3 Bf8 44. Bc1 Bd6 45. Bd2 1/2-1/2

[Event "46th Guernsey Open"]
[Site "?"]
[Date "2022.10.20"]
[Round "5"]
[White "Strade, Arita"]
[Black "Agustsson, Hafsteinn"]
[Result "1-0"]
[WhiteElo "1918"]
[BlackElo "1776"]
[PlyCount "93"]
[EventDate "2022.??.??"]

1. e4 c5 2. Nf3 Nc6 3. Nc3 Nf6 4. d4 cxd4 5. Nxd4 e5 6. Nf5 d5 7. exd5 Bxf5 8.
dxc6 Qxd1+ 9. Nxd1 bxc6 10. Ne3 Be6 11. Be2 Rb8 12. O-O Bc5 13. b3 Bd4 14. Rb1
Ne4 15. Nd1 Bf5 16. Bd3 Bg6 17. Kh1 O-O 18. f3 Nc3 19. Nxc3 Bxd3 20. cxd3 Bxc3
21. Be3 Rfd8 22. Bxa7 Ra8 23. Bb6 Rxd3 24. a4 Ba5 25. Bc5 Rb8 26. b4 Bb6 27.
Bxb6 Rxb6 28. a5 Rb5 29. a6 Ra3 30. Ra1 Rxa1 31. Rxa1 Rb8 32. Kg1 Kf8 33. Kf2
Ke7 34. Ke3 Kd6 35. a7 Ra8 36. Ke4 f6 37. g4 Kc7 38. g5 fxg5 39. Kxe5 Kb6 40.
Kd6 Rd8+ 41. Ke7 Ra8 42. Kd7 h5 43. h3 g4 44. fxg4 hxg4 45. hxg4 Kb7 46. g5 g6
47. Ke6 1-0

[Event "46th Guernsey Open"]
[Site "?"]
[Date "2022.10.20"]
[Round "5"]
[White "Rutten, David"]
[Black "Dijksterhuis, Rolf"]
[Result "1/2-1/2"]
[WhiteElo "1750"]
[BlackElo "1911"]
[PlyCount "63"]
[EventDate "2022.??.??"]

1. d4 d5 2. Nf3 c5 3. c4 cxd4 4. cxd5 Qxd5 5. Nc3 Qd8 6. Qxd4 Qxd4 7. Nxd4 a6
8. Bf4 Nf6 9. e3 Bd7 10. Be2 Nc6 11. Nxc6 Bxc6 12. Bf3 Bxf3 13. gxf3 e6 14. Ke2
Bb4 15. Rac1 O-O 16. Rhd1 Rac8 17. Ne4 Nxe4 18. fxe4 f6 19. Bc7 Rf7 20. Bb6
Rxc1 21. Rxc1 Rd7 22. Rd1 Rxd1 23. Kxd1 Kf7 24. Ke2 Ke7 25. Kd3 Kd7 26. Kc4 Bd6
27. h3 Kc6 28. Bd4 b5+ 29. Kd3 Be7 30. b3 g6 31. Bb2 Bd8 32. Ba3 1/2-1/2

[Event "46th Guernsey Open"]
[Site "?"]
[Date "2022.10.20"]
[Round "5"]
[White "Fryer, David W"]
[Black "Hall, Alan"]
[Result "1/2-1/2"]
[WhiteElo "1876"]
[BlackElo "1723"]
[PlyCount "107"]
[EventDate "2022.??.??"]

1. e4 e5 2. Nf3 Nf6 3. d4 Nxe4 4. Bd3 d5 5. Nxe5 Nd7 6. Nxd7 Bxd7 7. O-O Be7 8.
c4 c6 9. cxd5 cxd5 10. Nc3 Nxc3 11. bxc3 Be6 12. Re1 O-O 13. f4 g6 14. f5 Bxf5
15. Bxf5 gxf5 16. Bh6 Re8 17. Re3 Bf8 18. Rg3+ Kh8 19. Bxf8 Rxf8 20. Qh5 Rg8
21. Rxg8+ Kxg8 22. Qxf5 Rc8 23. Rf1 Rc7 24. Rf3 Qe7 25. Qb1 Rc6 26. Qf1 Re6 27.
Qd3 Re1+ 28. Kf2 Re4 29. Qd2 Kh8 30. h3 Qh4+ 31. Kf1 Kg7 32. Qf2 Qxf2+ 33. Kxf2
Re6 34. Rf5 Rd6 35. g4 h6 36. Ke3 b5 37. Kd3 a6 38. Kc2 a5 39. Kb3 Kg6 40. a4
bxa4+ 41. Kxa4 Rc6 42. Rxd5 Rxc3 43. h4 Rg3 44. h5+ Kg7 45. Kxa5 Rxg4 46. Kb6
Rg5 47. Rc5 f5 48. d5 f4 49. Rc7+ Kf6 50. Kc6 f3 51. Rc8 Kf7 52. Rc7+ Kf6 53.
Rc8 Kf7 54. Rc7+ 1/2-1/2

[Event "46th Guernsey Open"]
[Site "?"]
[Date "2022.10.20"]
[Round "5"]
[White "Morgan, Jamie"]
[Black "Sedgwick, David R"]
[Result "1/2-1/2"]
[WhiteElo "1741"]
[BlackElo "1874"]
[PlyCount "116"]
[EventDate "2022.??.??"]

1. e4 e6 2. d4 d5 3. exd5 exd5 4. Nf3 Bd6 5. c4 c6 6. Nc3 Nf6 7. Bd3 dxc4 8.
Bxc4 O-O 9. O-O h6 10. Ne5 Be6 11. Qb3 Bxc4 12. Nxc4 b5 13. Ne5 Bxe5 14. dxe5
Ng4 15. e6 Qd6 16. exf7+ Rxf7 17. g3 Nd7 18. Bf4 Qg6 19. Rad1 Nc5 20. Qb4 Nd3
21. Qe4 Qh5 22. Qg2 Nxf4 23. gxf4 Rxf4 24. Ne2 Rf6 25. Ng3 Qh4 26. Rd4 Raf8 27.
h3 h5 28. hxg4 hxg4 29. f3 Rf4 30. Rxf4 Rxf4 31. fxg4 Rxg4 32. Rf3 Qe7 33. Qf2
Qd6 34. Kg2 a5 35. Qe2 Qd5 36. Kf1 Rg6 37. Qe8+ Kh7 38. Qe3 Qxa2 39. Rf2 Qc4+
40. Ne2 Qh4 41. Qf3 a4 42. Nf4 Rd6 43. Kg1 Qg5+ 44. Kf1 Kg8 45. Ne6 Qf6 46.
Qxf6 gxf6 47. Rxf6 Rd1+ 48. Kg2 b4 49. Rf8+ Kh7 50. Rf1 Rxf1 51. Kxf1 a3 52.
bxa3 bxa3 53. Nc5 Kg6 54. Ke2 Kf5 55. Kd3 Ke5 56. Kc3 Kd5 57. Nd3 a2 58. Nb4+
Kc5 1/2-1/2

[Event "46th Guernsey Open"]
[Site "?"]
[Date "2022.10.20"]
[Round "5"]
[White "Giulian, Rosemary A"]
[Black "Eedle, Eric F"]
[Result "0-1"]
[WhiteElo "1868"]
[BlackElo "1667"]
[PlyCount "82"]
[EventDate "2022.??.??"]

1. e4 c5 2. c3 Nf6 3. e5 Nd5 4. d4 cxd4 5. Nf3 Nc6 6. cxd4 d6 7. Bc4 Nb6 8. Bb5
Bd7 9. Nc3 dxe5 10. dxe5 Qc7 11. Qe2 e6 12. O-O a6 13. Bd3 Nb4 14. Bb1 N4d5 15.
Nxd5 Nxd5 16. Rd1 Bc5 17. Bd2 Qb6 18. Be1 Bb5 19. Qe4 Bc6 20. Qg4 Kf8 21. b3 h5
22. Qg3 h4 23. Nxh4 Bd4 24. Be4 Bxa1 25. Bxd5 Bxd5 26. Qf4 Ke8 27. Bb4 Bxe5 28.
Qxe5 Qxb4 29. Nf5 Rd8 30. Qxg7 Qf8 31. Qe5 Rg8 32. g3 Kd7 33. Rc1 Rc8 34. Rd1
Rc7 35. h4 Kc8 36. Nd6+ Kb8 37. Kh2 f6 38. Qf4 e5 39. Qb4 Bc6 40. Qb6 Qe7 41.
Nf5 Qh7 0-1

[Event "46th Guernsey Open"]
[Site "?"]
[Date "2022.10.20"]
[Round "5"]
[White "Canonne, Antoine"]
[Black "Pang, Ethan"]
[Result "1/2-1/2"]
[WhiteElo "1853"]
[BlackElo "1467"]
[PlyCount "47"]
[EventDate "2022.??.??"]

1. e4 c5 2. Nc3 e6 3. f4 Nc6 4. Nf3 d5 5. Bb5 Nf6 6. Bxc6+ bxc6 7. e5 Nd7 8.
O-O Ba6 9. d3 Be7 10. Re1 Rb8 11. b3 Rb7 12. Bd2 Qc7 13. Kh1 O-O 14. Qe2 c4 15.
dxc4 dxc4 16. Qf2 Rd8 17. Ne4 Nf8 18. Be3 Ng6 19. g3 Rd5 20. Nc3 Rd8 21. Red1
Rxd1+ 22. Rxd1 cxb3 23. axb3 c5 24. Ne4 1/2-1/2

[Event "46th Guernsey Open"]
[Site "?"]
[Date "2022.10.20"]
[Round "5"]
[White "Moyroud, Pierre"]
[Black "Dennis, Nigel W"]
[Result "1-0"]
[WhiteElo "1705"]
[BlackElo "1852"]
[PlyCount "87"]
[EventDate "2022.??.??"]

1. d4 Nf6 2. c4 g6 3. Nc3 Bg7 4. e4 d6 5. Nf3 O-O 6. Be2 Nbd7 7. O-O c5 8. d5
a6 9. Qc2 Qc7 10. Bf4 Ng4 11. h3 Nge5 12. Nxe5 Nxe5 13. Qd2 Bd7 14. Bh6 f5 15.
Bxg7 Kxg7 16. exf5 Bxf5 17. f4 Nf7 18. Rae1 Rae8 19. Bd3 Bxd3 20. Qxd3 Qd7 21.
Re6 Nh6 22. g4 Kg8 23. Rxg6+ hxg6 24. Qxg6+ Kh8 25. Qxh6+ Kg8 26. Ne4 Rf7 27.
Ng5 Rg7 28. Ne6 Rh7 29. Qg6+ Kh8 30. Kg2 Rg8 31. Qd3 Rb8 32. b3 b5 33. f5 bxc4
34. Qxc4 Qb5 35. Qc3+ Kg8 36. Qe3 Qb4 37. f6 exf6 38. Rxf6 Kh8 39. Ng5 Rh4 40.
Kg3 Kg7 41. Qe7+ Kh8 42. Nf7+ Kg7 43. Nd8+ Kg8 44. Rf8# 1-0

[Event "46th Guernsey Open"]
[Site "?"]
[Date "2022.10.20"]
[Round "5"]
[White "Rogers, Bernard"]
[Black "Deepak, Ambattu Rithvik"]
[Result "0-1"]
[WhiteElo "1842"]
[BlackElo "1523"]
[PlyCount "78"]
[EventDate "2022.??.??"]

1. e4 c5 2. Nf3 g6 3. c3 d5 4. e5 Nc6 5. Bb5 Qb6 6. Bxc6+ Qxc6 7. O-O Bg7 8. d4
Bg4 9. h3 Bxf3 10. Qxf3 e6 11. Bg5 h6 12. Be3 cxd4 13. cxd4 Ne7 14. Nd2 O-O 15.
Nb3 b6 16. a4 Qc2 17. Bc1 a5 18. Rd1 Rac8 19. Rd2 Qc4 20. Rd3 Nc6 21. Qe3 Nb4
22. Rc3 Qa6 23. Rb1 Rc4 24. Rxc4 dxc4 25. Na1 Rc8 26. Bd2 Nd5 27. Qe2 Qb7 28.
Bc3 Qc6 29. Qd1 Nf4 30. f3 Rd8 31. Qc2 Nd5 32. Rc1 Ne7 33. Qf2 Nd5 34. Qc2 Rc8
35. Kf2 Nb4 36. Bxb4 axb4 37. Qd1 Rd8 38. b3 c3 39. f4 Qe4 0-1

[Event "46th Guernsey Open"]
[Site "?"]
[Date "2022.10.20"]
[Round "5"]
[White "Jongerius, Marc"]
[Black "Nevska, Gerda"]
[Result "1-0"]
[WhiteElo "1669"]
[BlackElo "1841"]
[PlyCount "97"]
[EventDate "2022.??.??"]

1. d4 g6 2. e4 Bg7 3. c4 d6 4. Nc3 c6 5. Nf3 Bg4 6. Be3 Nd7 7. h3 Bxf3 8. Qxf3
Qb6 9. O-O-O c5 10. Nd5 Qa5 11. Rd3 cxd4 12. Bxd4 Bxd4 13. Rxd4 Ngf6 14. Qc3
Qc5 15. f3 Rc8 16. g4 O-O 17. Nxe7+ Kg7 18. Nxc8 Rxc8 19. Rd5 Qf2 20. g5 Nc5
21. gxf6+ Kg8 22. Rd2 Qe1+ 23. Rd1 Qh4 24. b3 Qf4+ 25. Kb1 a5 26. a4 b6 27. Bg2
Qg3 28. Qd2 Nxe4 29. fxe4 Qxb3+ 30. Qb2 Qxc4 31. Rc1 Qd3+ 32. Ka1 Re8 33. Rhd1
Qg3 34. Qd2 g5 35. Qb2 h5 36. Rc2 Qe5 37. Rc6 Qf4 38. Rcxd6 Kh7 39. Rd7 Kg6 40.
R7d6 Rc8 41. Rxb6 Rc4 42. Qa3 Qe5+ 43. Kb1 Qe8 44. Rb5 Rc8 45. e5 Qe6 46. Qd3+
Kh6 47. Qd7 Qc4 48. Rb2 Kg6 49. Qd3+ 1-0

[Event "46th Guernsey Open"]
[Site "?"]
[Date "2022.10.20"]
[Round "5"]
[White "Page, Mark E"]
[Black "Reink, Geerhard"]
[Result "1-0"]
[WhiteElo "2095"]
[BlackElo "1647"]
[PlyCount "65"]
[EventDate "2022.??.??"]

1. e4 c5 2. Nf3 d6 3. Bb5+ Bd7 4. Bxd7+ Qxd7 5. O-O Nc6 6. Qe2 Nf6 7. Rd1 Qc7
8. Nc3 a6 9. d4 cxd4 10. Nxd4 g6 11. Nd5 Nxd5 12. exd5 Ne5 13. f4 Nd7 14. b3
Nf6 15. c4 Bg7 16. Bb2 O-O 17. a4 Rfe8 18. Rd3 Rac8 19. Re1 Qd7 20. Re3 Rc7 21.
h3 Kf8 22. g4 Qc8 23. f5 Qd7 24. g5 Nh5 25. f6 Nxf6 26. gxf6 Bxf6 27. Rf1 Qd8
28. Ref3 Kg8 29. Ne6 fxe6 30. Qxe6+ Kg7 31. Rxf6 exf6 32. Bxf6+ Qxf6 33. Qxf6+
1-0